Normal view
MARC view
- Cissik, John M.
Entry Personal Name
001 - CONTROL NUMBER
- control field: 19436
003 - CONTROL NUMBER IDENTIFIER
- control field: NUST
005 - DATE AND TIME OF LATEST TRANSACTION
- control field: 20190822080908.0
008 - FIXED-LENGTH DATA ELEMENTS
- fixed length control field: 190822|| aca||aabn | a|a d
040 ## - CATALOGING SOURCE
- Original cataloging agency: NUST
- Transcribing agency: NUST
100 ## - HEADING--PERSONAL NAME
- Personal name: Cissik, John M.
670 ## - SOURCE DATA FOUND
- Source citation: Work cat.: (NUST): Cissik, John M., The Basics of Strength Training /, 2005.
